000 00539nam a2200193 a 4500
001 14899
005 20180713203440.0
008 140415s1988 mx 000 0 spa d
041 _aspa
082 _a350
_bGUE
100 1 _aGUERRERO, OMAR
245 1 3 _aLA ADMINISTRACION PUBLICA DEL ESTADO CAPITALISTA
250 _a2a ed.
260 _aMEXICO :
_bDISTRIBUIDORES FONTAMARA,
_c1988
300 _a277
490 _aFONTAMARA
_v22
650 1 4 _aADMINISTRACION PUBLICA
700 1 _aRodríguez Araujo, Octavio,
_epról.
999 _c14899
_d14899